Todos los ganadores del Oscar a Mejor Actor - Estadísticas

Estadísticas generales
  • Esta prueba ha sido intentada 228 veces
    216 desde el último reinicio
  • La puntuación promedio es 39 de 96
Estadísticas de respuestas
Año Actor Película % Correcto
2016 Leonardo DiCaprio The Revenant
95%
1995 Tom Hanks Forrest Gump
95%
1994 Tom Hanks Philadelphia
95%
2020 Joaquin Phoenix Joker
86%
2021 Anthony Hopkins The Father
84%
1992 Anthony Hopkins The Silence of the Lambs
84%
1993 Al Pacino Scent of a Woman
79%
1973 Marlon Brando The Godfather
79%
1955 Marlon Brando On the Waterfront
79%
2003 Adrien Brody The Pianist
77%
1998 Jack Nicholson As Good as It Gets
77%
1976 Jack Nicholson One Flew Over the Cuckoo's Nest
77%
2023 Brendan Fraser The Whale
75%
2019 Rami Malek Bohemian Rhapsody
75%
2001 Russell Crowe Gladiator
74%
2009 Sean Penn Milk
74%
2004 Sean Penn Mystic River
74%
2013 Daniel Day-Lewis Lincoln
73%
2008 Daniel Day-Lewis There Will Be Blood
73%
1990 Daniel Day-Lewis My Left Foot: The Story of Christy Brown
72%
1981 Robert De Niro Raging Bull
72%
1989 Dustin Hoffman Rain Man
70%
2002 Denzel Washington Training Day
69%
2022 Will Smith King Richard
68%
1980 Dustin Hoffman Kramer vs Kramer
66%
2017 Casey Affleck Manchester by the Sea
64%
2011 Colin Firth The King's Speech
64%
2000 Kevin Spacey American Beauty
64%
1996 Nicolas Cage Leaving Las Vegas
61%
1999 Roberto Benigni La vita è bella
60%
2018 Gary Oldman Darkest Hour
56%
2005 Jamie Foxx Ray
56%
2014 Matthew McConaughey Dallas Buyers Club
55%
1987 Paul Newman The Color of Money
55%
2006 Philip Seymour Hoffman Capote
55%
2015 Eddie Redmayne The Theory of Everything
53%
1988 Michael Douglas Wall Street
52%
1983 Ben Kingsley Gandhi
47%
2007 Forest Whitaker The Last King of Scotland
43%
1982 Henry Fonda On Golden Pond
41%
1960 Charlton Heston Ben-Hur
40%
1952 Humphrey Bogart The African Queen
40%
2010 Jeff Bridges Crazy Heart
40%
1970 John Wayne True Grit
40%
1972 Gene Hackman The French Connection
38%
1963 Gregory Peck To Kill a Mockingbird
36%
1997 Geoffrey Rush Shine
34%
2012 Jean Dujardin The Artist
34%
1991 Jeremy Irons Reversal of Fortune
33%
1953 Gary Cooper High Noon
32%
1942 Gary Cooper Sergeant York
32%
1941 James Stewart The Philadelphia Story
32%
1949 Laurence Olivier Hamlet
32%
1971 George C. Scott Patton
29%
1974 Jack Lemmon Save the Tiger
29%
1965 Rex Harrison My Fair Lady
28%
1935 Clark Gable It Happened One Night
27%
1985 F. Murray Abraham Amadeus
27%
1939 Spencer Tracy Boys Town
27%
1938 Spencer Tracy Captains Courageous
27%
1961 Burt Lancaster Elmer Granty
25%
1984 Robert Duvall Tender Mercies
25%
1964 Sidney Poitier Lilies of the Field
25%
1986 William Hurt Kiss of the Spider Woman
24%
1979 Jon Voight Coming Home
22%
1978 Richard Dreyfuss The Goodbye Girl
21%
1951 José Ferrer Cyrano de Bergerac
20%
1977 Peter Finch Network
20%
1956 Ernest Borgnine Marty
19%
1958 Alec Guiness The Bridge onthe River Kwai
17%
1934 Charles Laughton The Private Life of Henry VIII
16%
1959 David Niven Separate Tables
16%
1957 Yul Brynner The King and I
16%
1975 Art Carney Harry and Tonto
14%
1945 Bing Crosby Going My Way
14%
1962 Maximilian Schell Judgment at Nuremberg
14%
1954 William Holden Stalag 17
14%
1968 Rod Steiger In the Heat of the Night
13%
1950 Broderick Crawford All The King's Men
12%
1929 Emil Jannings The Last Command
12%
1947 Fredric March The Best Years of Our Lives
12%
1933 Fredric March Dr. Jekyll and Mr. Hyde
12%
1943 James Cagney Yankee Doodle Dandy
12%
1937 Paul Muni The Story of Louis Pasteur
12%
1967 Paul Scofield A Man for All Seasons
12%
1948 Ronald Colman A Double Life
11%
1932 Lionel Barrymore A Free Soul
10%
1936 Victor McLaglen The Informer
9%
1969 Cliff Robertson Charly
8%
1931 George Arliss Disraeli
8%
1966 Lee Marvin Cat Ballou
8%
1944 Paul Lukas Watch on the Rhine
8%
1930 Warner Baxter In Old Arizona
8%
1940 Robert Donat Goodbye, Mr. Chips
6%
1946 Ray Milland The Lost Weekend
5%
1933 Wallace Berry The Champ
1%
No se encontraron pruebas coincidentes
Distribución de puntuación
Porcentaje de gente con cada puntuación
Porcentaje por número respondido
Historial de tus puntuaciones
No has intentado esta prueba desde el último reinicio